Tunisia Players Biggest Transfers - Statistics

General Stats
  • This quiz has been taken 44 times
  • The average score is 23 of 67
Answer Stats
Player From Joined % Correct
ST Wahbi Khazri 15/16 Bordeaux Sunderland
87%
ST Wahbi Khazri 18/19 Sunderland Saint-Etienne
87%
ST Wahbi Khazri 14/15 Bastia Bordeaux
87%
AM Hannibal Mejbri 19/20 Monaco Manchester United
72%
AM Hannibal Mejbri 18/19 Boulogne-Billancourt Monaco
72%
CB Aymen Abdennour 15/16 Monaco Valencia
69%
CB Aymen Abdennour 14/15 Toulouse Monaco
69%
DM Ellyes Skhiri 19/20 Montpellier Koln
64%
LW Youssef Msakni 12/13 Esperance Tunis Lekhwiya
64%
CM Aissa Laidouni 22/23 Ferencvaros Union Berlin
54%
CB Dylan Bronn 19/20 Gent Metz
49%
CB Dylan Bronn 22/23 Metz Salernitana
49%
CB Dylan Bronn 17/18 Chamois Niort Gent
49%
CM Ferjani Sassi 17/18 Esperance Tunis Al-Nassr
49%
LW Naim Sliti 19/20 Dijon Al-Ettifaq
49%
LW Naim Sliti 18/19 Lille Dijon
49%
LW Naim Sliti 17/18 Red Sat Lille
49%
AM Yassine Chikhaoui 15/16 Zurich Al-Gharafa
46%
AM Yassine Chikhaoui 07/08 Sahel Zurich
46%
ST Fakhreddine Ben Youssef 15/16 Metz Esperance Tunis
44%
ST Fakhreddine Ben Youssef 14/15 Sfaxien Metz
44%
CB Yohan Benalouane 15/16 Atalanta Leicester City
44%
CB Yohan Benalouane 10/11 Saint-Etienne Cesena
44%
CB Yohan Benalouane 14/15 Parma Atalanta
44%
RW Bassem Srarfi 16/17 Club Africain Nice
41%
CB Yassine Meriah 18/19 Sfaxien Olympiacos
41%
CB Yassine Meriah 21/22 Olympiacos Al-Ain
41%
ST Saber Khalifa 13/14 Evian Thonon Marseille
38%
ST Saber Khalifa 16/17 Marseille Club Africain
38%
RW Elias Achouri 23/24 Viborg Kobenhavn
33%
CB Karim Haggui 06/07 Strasbourg Bayer Leverkusen
33%
CB Karim Haggui 13/14 Hannover Stuttgart
33%
CB Karim Haggui 04/05 Sahel Strasbourg
33%
CB Radhi Jaidi 06/07 Bolton Wanderers Birmingham City
33%
ST Amine Chermiti 08/09 Sahel Hertha Berlin
31%
CM Anis Slimane 23/24 Brondby Sheffield United
31%
CB Montassar Talbi 22/23 Rubin Kazan Lorient
31%
RB Mohamed Drager 20/21 Freiburg Olympiacos
28%
ST Ahmed Akaichi 16/17 Sahel Al-Ittihad
26%
ST Issam Jemaa 11/12 Lens Auxerre
26%
ST Issam Jemaa 05/06 Esperance Tunis Lens
26%
ST Francileudo Santos 05/06 Sochaux Toulouse
23%
ST Issam Jebali 18/19 Rosenborg Al-Wehda
23%
ST Issam Jebali 18/19 Elfsborg Rosenborg
23%
ST Issam Jebali 22/23 Odense Gamba Osaka
23%
ST Zied Jaziri 03/04 Sahel Gaziantepspor
23%
ST Sami Allagui 12/13 Mainz Hertha Berlin
21%
ST Sami Allagui 10/11 Greuther Furth Mainz
21%
AM Zoubaier Baya 01/02 Freiburg Besiktas
21%
DM Mehdi Nafti 05/06 Racing Santander Birmingham City
15%
AM Saif-Eddine Khaoui 16/17 Tours Marseille
15%
RW Amor Layouni 19/20 Bodo/Glimt Pyramids
13%
ST Hamdi Harbaoui 14/15 Lokeren Qatar SC
13%
CM Hamza Lahmar 18/19 Sahel Kuwait SC
13%
AM Selim Benachour 06/07 Vitora Guimaraes Rubin Kazan
13%
AM Selim Benachour 07/08 Rubin Kazan Qadsia
13%
CB Alaeddine Yahia 09/10 Nice Lens
10%
CB Ammar Jemal 10/11 Sahel Young Boys
10%
RW Chaouki Ben Saada 08/09 Bastia Nice
10%
RW Fahid Ben Khalfallah 10/11 Valenciennes Bordeaux
10%
RW Fahid Ben Khalfallah 09/10 Caen Valenciennes
10%
RW Fahid Ben Khalfallah 08/09 Angers Caen
10%
LW Maher Haddad 12/13 Sfaxien Club Africain
10%
DM Riadh Bouazizi 02/03 Bursaspor Gaziantepspor
10%
LB Yassin Mikari 08/09 Grasshoppers Sochaux
8%
ST Haykel Gmamdia 05/06 Sfaxien Strasbourg
5%
AM Fabien Camus 09/10 Charleroi Genk
3%
No matching quizzes found
Score Distribution
Percent of People with Each Score
Percentile by Number Answered
Your Score History
You have not taken this quiz